Language : Skills and Use / (Record no. 4952)
[ view plain ]
| 000 -LEADER | |
|---|---|
| fixed length control field | 00619nam a2200241 a 4500 |
| 001 - CONTROL NUMBER | |
| JCCL Control Number | 4952 |
| 003 - CONTROL NUMBER IDENTIFIER | |
| JCCL marc code | BD-JhCC |
| 005 - DATE AND TIME OF LATEST TRANSACTION | |
| control field | 20171227171034.0 |
| 008 - FIXED-LENGTH DATA ELEMENTS--GENERAL INFORMATION | |
| fixed length control field | 171205s1964 USAa|||| || | 000 0 eng d |
| 020 ## - INTERNATIONAL STANDARD BOOK NUMBER | |
| International Standard Book Number | 0673141446 |
| 035 ## - SYSTEM CONTROL NUMBER | |
| system control number | (BD-JhCC)4952 |
| 040 ## - CATALOGING SOURCE | |
| Original cataloging agency | BD-JhCC |
| Modifying agency | BD-JhCC |
| 041 ## - LANGUAGE CODE | |
| Language code of Book | eng |
| 082 ## - DEWEY DECIMAL CLASSIFICATION NUMBER | |
| Classification number | 372.61 |
| Author mark and Year | BEE 1964 |
| 100 ## - MAIN ENTRY--PERSONAL NAME | |
| Personal name | Beech, Linda Ward |
| 245 ## - TITLE STATEMENT | |
| Title | Language : Skills and Use / |
| Statement of responsibility, etc | Linda Ward Beech, |
| 250 ## - EDITION STATEMENT | |
| Edition statement | 2nd ed. |
| 260 ## - PUBLICATION, DISTRIBUTION, ETC. (IMPRINT) | |
| Place of publication, distribution, etc | USA : |
| Name of publisher, distributor, etc | Scott, Foresman and Company, |
| Date of publication, distribution, etc | 1964 |
| 300 ## - PHYSICAL DESCRIPTION | |
| Pagination | 368 p. : |
| Dimensions | 24 cm. |
| 650 ## - SUBJECT ADDED ENTRY--TOPICAL TERM | |
| Topical term or geographic name as entry element | Language Arts (Elementary) |
| 942 ## - ADDED ENTRY ELEMENTS (KOHA) | |
| Source of classification or shelving scheme | Dewey Decimal Classification |
| Koha item type | Books |
| Source of classification or shelving scheme | Damaged status | Not for loan | Home library | Current library | Shelving location | Date of accession | Total Checkouts | Full call number | Barcode | Date last seen | Copy number | Koha item type |
|---|---|---|---|---|---|---|---|---|---|---|---|---|
| Dewey Decimal Classification | JCC Rouf Library | JCC Rouf Library | General Stacks | 12/05/2017 | 372.61 BEE 1964 | 6835 | 12/05/2017 | C- 1 | Books | |||
| Dewey Decimal Classification | JCC Rouf Library | JCC Rouf Library | General Stacks | 372.61 BEE 1964 | 8756 | 01/24/2018 | C - 2 | Books |